Southville International School and Colleges
Your cart is empty.
  • Cart
  • Lists
    Public lists Eva Luna New books Lux_list list_1
    Your lists Log in to create your own lists
  • Log in to your account
  • Your cookies
  • Search history
Southville International School and Colleges
  • Advanced search
  • Recent comments
  • Most popular
  • Libraries

Log in to your account

Log in with GOOGLE


If you do not have an external account, but do have a local account, you can still log in:

  1. Home
  2. MARC view: How to draw anything :
Normal view MARC view ISBD view

How to draw anything : (Record no. 9174)

[ view plain ]
MARC details
000 -LEADER
fixed length control field 00800nam a22002895a 4500
001 - CONTROL NUMBER
control field 12705208
003 - CONTROL NUMBER IDENTIFIER
control field SISC
005 - DATE AND TIME OF LATEST TRANSACTION
control field 20160315141501.0
008 - FIXED-LENGTH DATA ELEMENTS--GENERAL INFORMATION
fixed length control field 020314s2002 nyu 000 0 eng
010 ## - LIBRARY OF CONGRESS CONTROL NUMBER
LC control number 2002103874
020 ## - INTERNATIONAL STANDARD BOOK NUMBER
International Standard Book Number 0752526103
035 ## - SYSTEM CONTROL NUMBER
System control number (DLC) 2002103874
040 ## - CATALOGING SOURCE
Original cataloging agency DLC
Transcribing agency DLC
042 ## - AUTHENTICATION CODE
Authentication code pcc
050 ## - LIBRARY OF CONGRESS CALL NUMBER
Classification number NC 730
Item number .G144 1997
082 ## - DEWEY DECIMAL CLASSIFICATION NUMBER
Classification number HS 751
Item number G12 1997
100 1# - MAIN ENTRY--PERSONAL NAME
Personal name Linley, Mark.
9 (RLIN) 12672
245 10 - TITLE STATEMENT
Title How to draw anything :
Statement of responsibility, etc Angela Gair
Remainder of title a complete guide /
260 ## - PUBLICATION, DISTRIBUTION, ETC. (IMPRINT)
Place of publication, distribution, etc United Kingdom :
Name of publisher, distributor, etc Parragon,
Date of publication, distribution, etc c1997.
300 ## - PHYSICAL DESCRIPTION
Extent 160 p. ;
Dimensions 27 cm.
Other physical details col. ill. ;
650 ## - SUBJECT ADDED ENTRY--TOPICAL TERM
Topical term or geographic name as entry element Art
General subdivision Technique
9 (RLIN) 12673
650 ## - SUBJECT ADDED ENTRY--TOPICAL TERM
Topical term or geographic name as entry element Artists' materials
9 (RLIN) 12674
906 ## - LOCAL DATA ELEMENT F, LDF (RLIN)
a 0
b ibc
c orignew
d 2
e epcn
f 20
g y-gencatlg
942 ## - ADDED ENTRY ELEMENTS (KOHA)
Source of classification or shelving scheme Library of Congress Classification
Koha item type Books
Holdings
Withdrawn status Lost status Source of classification or shelving scheme Damaged status Home library Current library Shelving location Date acquired Total Checkouts Total Renewals Full call number Barcode Date last seen Date checked out Copy number Price effective from Koha item type
    Library of Congress Classification   Luxembourg Library Luxembourg Library High School Section 08/23/2013 5 10 NC 730 .G144 1997 10377 08/28/2019 08/14/2019 1 08/23/2013 Books

How to draw anything :

APA

Linley M., . (1997). How to draw anything. United Kingdom: Parragon.

Chicago

Linley Mark, . 1997. How to draw anything. United Kingdom: Parragon.

Harvard

Linley M., . (1997). How to draw anything. United Kingdom: Parragon.

MLA

Linley Mark, . How to draw anything. United Kingdom: Parragon. 1997.

  • Place hold
  • Print
  • Cite
  • Add to your cart (remove)
  • Save record
    BIBTEX Dublin Core MARCXML MARC (non-Unicode/MARC-8) MARC (Unicode/UTF-8) MARC (Unicode/UTF-8, Standard) MODS (XML) RIS
  • More searches
    Search for this title in:
    Other Libraries (WorldCat) Other Databases (Google Scholar) Online Stores (Bookfinder.com) Open Library (openlibrary.org)

Exporting to Dublin Core...

SOUTHVILLE LIBRARY

Southville International School and Colleges Library

1281 Tropical Ave. Cor. Luxembourg St., BF Homes International, Las Pinas City

Tel. No. 8256374 / 252358 Loc. 117/146

Powered by Koha